Catálogo
 En Linea

Un mundo en partículas : (Registro nro. 48329)

Detalles MARC
000 -CABECERA
campo de control de longitud fija 00734nam a2200205 a 4500
001 - NÚMERO DE CONTROL
campo de control 000048841
005 - FECHA Y HORA DE LA ÚLTIMA TRANSACCIÓN
campo de control 20201002061441.0
008 - DATOS DE LONGITUD FIJA--INFORMACIÓN GENERAL
campo de control de longitud fija 190416s2016 dr 000 0 spa d
020 ## - NÚMERO INTERNACIONAL ESTÁNDAR DEL LIBRO
Número Internacional Estándar del Libro 9789945167603
040 ## - FUENTE DE LA CATALOGACIÓN
Centro catalogador/agencia de origen DO-SdBNP
Lengua de catalogación spa
Centro/agencia transcriptor BNPHU
082 ## - NÚMERO DE LA CLASIFICACIÓN DECIMAL DEWEY
Número de clasificación xxxx
Número de documento/Ítem F316u
100 1# - ENTRADA PRINCIPAL--NOMBRE DE PERSONA
Nombre de persona Feliz, María T.
9 (RLIN) 76293
245 13 - MENCIÓN DE TÍTULO
Título Un mundo en partículas :
Resto del título (Beyond) /
Mención de responsabilidad, etc. María Teresa Feliz Peguero editor Johan Rosario.
260 ## - PUBLICACIÓN, DISTRIBUCIÓN, ETC.
Lugar de publicación, distribución, etc. Santo Domingo :
Nombre del editor, distribuidor, etc. Buho,
Fecha de publicación, distribución, etc. 2016.
300 ## - DESCRIPCIÓN FÍSICA
Extensión 140 p. ;
Dimensiones 23 cm.
500 ## - NOTA GENERAL
Nota general Incluye datos de la autora en la solapa de la contracubierta
500 ## - NOTA GENERAL
Nota general "Tienes que encontrar tu propio camino, tus recursos y diferenciartes del resto"
590 ## - NOTA LOCAL (RLIN)
Nota local Inventariado, 2019/LP
700 1# - PUNTO DE ACCESO ADICIONAL--NOMBRE DE PERSONA
Nombre de persona Rosario, Johan,
Término indicativo de función/relación ed.
9 (RLIN) 72317
Existencias
Estado de retiro Estado de pérdida Restricciones de uso No para préstamo Código de colección Localización permanente Ubicación/localización actual Ubicación en estantería Fecha de adquisición Número de inventario Total de préstamos Signatura topográfica completa Código de barras Fecha visto por última vez Número de copia Precio válido a partir de Tipo de ítem Koha
        Dominicana de Servicio General General Depósito 16.04.2019 LF1   xxxx F316u 48841-30 25.06.2020 e. 3 25.06.2020 Libro y Folleto Colección Dominicana de Servicio
      Excluido de préstamo Patrimonio Dominicano Patrimonio Dominicano Patrimonio Dominicano Depósito 16.04.2019 LF1   xxxx F316u 48841-10 25.06.2020   25.06.2020 Libro y Folleto Colección Patrimonio Dominicano
      Excluido de préstamo Patrimonio Dominicano Patrimonio Dominicano Patrimonio Dominicano Depósito 16.04.2019 LF1   xxxx F316u 48841-20 25.06.2020 e. 2 25.06.2020 Libro y Folleto Colección Patrimonio Dominicano

Con tecnología Koha